| 000 | 00000nam##2200000za#4500 |
| 001 | 9.650882 |
| 003 | CaOODSP |
| 005 | 20210615114631 |
| 007 | ta |
| 008 | 150407|2007||||xxc||||| f|0| 0 eng|d |
| 020 | |a978-0-662-46729-8 |
| 040 | |aCaOODSP|beng |
| 043 | |an-cn--- |
| 086 | 1 |aNH15-433/2007E |
| 110 | 2 |aCanada Mortgage and Housing Corporation. |
| 245 | 10|aFire prevention in aboriginal communities / |cPrepared by InterINDigital Entertainment Inc., with the assistance of gordongroup. |
| 260 | |aOttawa - Ontario : |bCanada Mortgage and Housing Corporation |cc2007. |
| 300 | |aiii, 46p. : |bgraphs, map, tables, photographs ; |c28 cm. |
| 500 | |a"CMHC developed this fire preventionmanual to help volunteer firefighters and housing managers in the efforts to establish and improve fire prevention practices in their Aboriginal communities."--Page iii, Introduction. |
| 520 | 3 |aContains case studies, techniques and tools to help volunteer firefighters and housing managers improve fire prevention practices in Aboriginal communities. |
| 563 | |aSpiral binding |
| 590 | |a08-22|b2008-05-30 |
| 690 | 07|aFire prevention|2gcpds |
| 690 | 07|aIndigenous peoples|2gcpds |
| 775 | 08|tManuel sur la prévention des incendies dans les collectivités autochtones / |w(CaOODSP)9.683956 |
| 776 | 0#|tFire prevention in aboriginal communities / |w(CaOODSP)9.691103 |
| 986 | |aOrder # 65310 (11/02/08) |